The future of Asia in the world economy /
Saved in:
| 企业作者: | , |
|---|---|
| 其他作者: | , , |
| 格式: | 图书 |
| 语言: | 英语 |
| 出版: |
[Manila, Philippines] : Paris :
Asian Development Bank ; Development Centre of the Organisation for Economic Co-operation and Development,
1998.
|
| 丛编: | Development Centre seminars.
|
| 主题: | |
| 标签: |
添加标签
没有标签, 成为第一个标记此记录!
|
MARC
| LEADER | 00000cam a2200000 a 4500 | ||
|---|---|---|---|
| 003 | INP | ||
| 005 | 20181115005401.0 | ||
| 008 | 980618s1998 fr a frb i000 0 eng d | ||
| 952 | |0 0 |1 0 |4 0 |6 341_750000000000000_F_U |7 0 |8 en_Book |9 7836 |a INP |b INP |c MAIN |d 2018-05-07 |l 0 |o 341.75 f u |p 009185 |r 2022-03-28 00:00:00 |w 2018-05-07 |y BK |0 0 | ||
| 952 | |0 0 |1 0 |4 0 |6 341_750000000000000_F_U |7 0 |8 en_Book |9 8122 |a INP |b INP |c MAIN |d 2018-05-08 |l 0 |o 341.75 f u |p 008986 |r 2022-03-28 00:00:00 |w 2018-05-08 |y BK |0 0 | ||
| 999 | |c 2615 |d 2615 | ||
| 020 | |a 9264160698 | ||
| 040 | |a EG-INP |c EG-INP |b eng | ||
| 082 | 0 | 4 | |2 21 |a 341.75 |b f u |
| 245 | 0 | 4 | |a The future of Asia in the world economy / |c edited by Colm Foy, Francis Harrigan , David O'Connor. |
| 260 | |a [Manila, Philippines] : |b Asian Development Bank ; |a Paris : |b Development Centre of the Organisation for Economic Co-operation and Development, |c 1998. | ||
| 300 | |a 221 p. : |b ill. ; |c 23 cm. | ||
| 490 | |a Development Centre seminars. | ||
| 500 | |a "This volume contains contributions from participants in the third conference of the International Forum on Asian Perspectives. The conference, entitled 'The Future of Asia in the World Economy', was held in Paris on 23 and 24 June 1997 ..."--Foreword. | ||
| 504 | |a Includes bibliographical references. | ||
| 650 | 0 | |a Economic development. | |
| 650 | 0 | |a International economic integration | |
| 651 | 0 | |a Asia |x Economic conditions | |
| 651 | 0 | |a Asia |x Commerce. | |
| 700 | 1 | |a Foy, Colm, |e editor. | |
| 700 | 1 | |a Harrigan, Francis, |e editor. | |
| 700 | 1 | |a O'Connor, David, |e editor. | |
| 710 | 2 | |a Asian Development Bank. | |
| 710 | 1 | |a Organisation for Economic Co-operation and Development. |b Development Centre. | |
| 901 | |a EGPV19 | ||
| 902 | |a EGPV5 | ||
| 903 | |a copycat | ||
| 942 | |c BK |2 ddc | ||